000 01253nam a2200313 4500
001 0000014723
003 CO-CtgCURN
005 20250508163150.0
007 ta
008 160627s1988 000 0 eng d
020 _a9684511965
040 _aCO-CtgCURN
_bspa
_ccoctgcurn
082 0 _a338.901
_bS15t
100 1 _aSalvatore, Dominick.
245 1 0 _aTeoria y problemas de desarrollo economico /
_cDominick Salvatore y Edward T. Dowling.
260 _aMexico :
_bMcGraw-Hill,
_c1988.
300 _a240 p.
336 _2rdacontent
337 _2rdamedia
_asin mediacion
_bn
338 _2rdacarrier
_avolumen
_bnc
490 1 _aSerie de compendios Schaum
500 _aTraducción de Development economics.
505 8 _aDesarrollo economico.--Teoria general del desarrollo y subdesarrollo.--La agricultura en el proceso del desarrollo.--Los problemas de la industrializacion.--Desarrollo de los recursos humanos.--Política monetaria y fiscal.--El papel del comercio en el desarrollo.--Política fiscal.--Reforma agraria
650 1 4 _aDesarrollo economico.
700 1 _aDowling, Edward T.
908 _a160627
942 _cBK
_h338.901
_iS15t
_2ddc
_n0
999 _c18581
_d18581